Vademecum de kinesioterapia y de reeducación funcional

Saved in:
Bibliografiske detaljer
Hovedforfatter: Xhardez, Yves (Author)
Format: Bog
Sprog:spansk
Udgivet: Barcelona El Ateneo 1993
Fag:
Tags: Tilføj Tag
Ingen Tags, Vær først til at tagge denne postø!

MARC

LEADER 00000nam a2200000 a 4500
001 UCQ2653
003 CL-VaPUC
008 980724e19930000SP |||||||||||||||||spa|d
082 0 4 |a 615.8  |b XHA  |2 21 
100 0 |a Xhardez, Yves  |e author  |9 416687 
245 1 0 |a Vademecum de kinesioterapia y de reeducación funcional 
300 |a 868 p 
942 |c BK 
945 |d 19980724 00:00:00  |a mvenant 
260 |a Barcelona  |b El Ateneo  |c 1993 
650 7 |a KINESIOTERAPIA  |2 CL-VaPUC  |9 313086 
650 7 |a REEDUCACION FISICA  |2 CL-VaPUC  |9 312532 
650 7 |a MEDICINA FISICA  |2 CL-VaPUC  |9 307380 
583 |a last modification  |c 19980724 00:00:00  |k Rodrigo Vera 
999 |c 273443  |d 273441 
952 |0 0  |1 0  |2 ddc  |4 0  |6 615_800000000000000_XHA_1993  |7 0  |8 A  |9 309004  |a BIBCUR  |b BIBCUR  |c GEN  |d 2019-11-20  |i 3447006  |o 615.8 XHA 1993  |p 3447006  |r 2025-04-22  |w 2019-11-20  |y BK  |k KIN